00513 a2200157 45000010006000000050017000060080041000230030015000640400040000790800077001192450064001962640047002603000019003070410008003261000021003346184120260407155910.0260407a1967 arg spa dAR-UNSa-BCEJYS aAR-UNSa-BCEJYSbspacAR-UNSa-BCEJYS a347.724xSociedades de responsabilidad limitada (Comandita por acciones)10aSociedades en comandita por accionespPrincipales problemas 1aBuenos Aires :bJorge Alvarez Editorc1967 a255 p.c20 cm. aspa1 aSchiffer, Miguel